Vodohospodárske učilište zahájilo činnosť

Bibliographic Details
Main Author: Miček, Bertold, 1925-2004 (Author)
Format: Article
Language:Slovak

MARC

LEADER 00000nab a2200000uu 4500
001 vtls011147738
003 SK-MaSNL
005 20260304182311.0
008 230121|1984 xo |||||||||||||||||slo|
015 |a SNBRB 
035 |a (urnnbn)urn:nbn:sk:snk:ar-a09w0f 
035 |a (uuid)41a79e5c-35fe-4994-8c65-8955ad3b729b 
035 |a urn:nbn:sk:snk-abay0b 
040 |a SNKBUCL  |b slo  |c SNKBUCL  |e AACR2 
041 0 |a slo 
044 |a xo  |c SK 
100 1 |a Miček, Bertold,  |d 1925-2004  |4 aut  |9 260008 
245 1 0 |a Vodohospodárske učilište zahájilo činnosť  |c Bertold Miček 
773 0 |t Vodohospodársky spravodajca  |g Roč. 27, č. 10 (1984), s. [345]-366 
954 |a odborná, vedecká literatúra pôvodná (slovenská)  |2 lita 
958 |a OND 
958 |a EUIPO 
958 |a article14 
999 |c 3028554  |d 3030484